Countries by Partial Shape Images #1 - Statistics

General Stats
  • This quiz has been taken 93 times
  • The average score is 14 of 16
Answer Stats
Hint Answer % Correct
HTML tutorial Egypt
99%
HTML tutorial Mexico
99%
HTML tutorial South Africa
99%
HTML tutorial Norway
98%
HTML tutorial Somalia
96%
HTML tutorial Greece
95%
HTML tutorial Canada
93%
HTML tutorial New Zealand
93%
HTML tutorial Philippines
93%
HTML tutorial Japan
92%
HTML tutorial Turkey
87%
HTML tutorial France
81%
HTML tutorial Afghanistan
77%
HTML tutorial Mozambique
69%
HTML tutorial Estonia
64%
HTML tutorial Venezuela
52%
No matching quizzes found
Score Distribution
Percent of People with Each Score
Percentile by Number Answered
Your Score History
You have not taken this quiz